00754nam a22001697a 4500001000700000003000900007005001700016007000700033008004800040040002200088100002600110245007500136260007500211300004500286500020900331500004400540240031DO-SdBNP20160513150642.0240031160321b 1963 ag xxu||||| |||| 00| 0 spa d aBPMSUbspacBPMSU1 aFunes, María José aConquista y reconquista del norte santafesino /cJosé María Funes. aSanta Fe, Argentina : b[Librería y Editorial Castellví], c1963. a58 p. : bil., mapas, retrs. : c27 cm.  aEl contenido de este volumen es un apartado, ligeramente corregido, de la colaboracion inserta en el No. XXVIII (febrero de 1963) de la Revista de la Junta Provincial de Estudios Históricos de Santa Fe. a Libro prestado a la señora Angelina